00403pab a2200133 454500008004000000100002000040245010200060260000900162300001400171362000800185650002300193700002200216773003100238180718b2008 xxu||||| |||| 00| 0 eng d aOchler, Andreas aSaving for retirement - a case for financial education in Germany and UK? An economic perspective c2008 ap.253-83. aSep aConsumer education aWerner, Christina aJournal of Consumer Policy